000 00622cam a22002053a 4500
001 40042
003 PGUSA
005 20140828083907.0
008 120619s2012||||xxu|||||s|||||000 | eng d
040 _aPGUSA
_beng
042 _adc
100 1 _aWirt, Mildred A.
_q(Mildred Augustine),
_d1905-2002
245 1 4 _aThe Deserted Yacht :
_bMadge Sterling Series, #2
_h[electronic resource] /
_cMildred A. Wirt
260 _bProject Gutenberg,
_c2012
506 _aPublic domain in the USA.
516 _aElectronic text
830 0 _aProject Gutenberg
_v40042
856 4 0 _uhttp://www.gutenberg.org/ebooks/40042
942 _cEB
999 _c269295
_d269295